000 00360nam a2200145Ia 4500
005 20250729165737.0
008 250729s2014 xx 000 0 und d
041 _aeng
082 _a540 BAST
100 _aDr.N.Baskaran
_9231943
245 _aTeaching of Yoga
260 _aNew Delhi
_bA P H PUBLISHING
_c2014
300 _a147p
650 _aEducation
_9231944
999 _c239535
_d239535